Obálka Náhled e-knihy:
PDF Epub
Pro půjčování e-knih musíte být přihlášeni.
Jak si půjčit online?

Nikdy, nikdy, nikdy /

Román vypráví příběh o mladé ženě a jejím rozhodnutí nemít děti.

Uloženo v:
Hlavní autor: Strømsborg, Linn, 1986- (Autor)
Další autoři: Jindřišková, Jitka, 1985- (Autor)
Médium: E-kniha
Jazyk:Czech
Vydáno: V Praze : Vyšehrad, 2025
Vydání:Vydání první
Edice:Hlas (Vyšehrad)
Témata:
Tagy:
Žádné tagy
LEADER 02424nam a2200469 i 4500
001 312699
003 CZ PrSKC
005 20260601215727.0
007 ta
008 250423s2025 xr g 000 f cze
015 |a cnb003682590 
020 |a 9788026731443  |q (vázáno) :  |c Kč 369,00 
035 |a (OCoLC)1522999639 
040 |a ABG001  |b cze  |e rda 
041 1 |a cze  |h nor 
072 7 |a 821.11  |x Germánské literatury  |2 Konspekt 
080 |a 821.113.5-31  |2 MRF 
080 |a (0:82-311.4)  |2 MRF 
100 1 |a Strømsborg, Linn,  |d 1986-  |7 xx0331638  |4 aut 
240 1 0 |a Aldri, aldri, aldri.  |l Česky 
245 1 0 |a Nikdy, nikdy, nikdy /  |c Linn Strømsborg ; přeložila Jitka Jindřišková 
250 |a Vydání první 
264 1 |a V Praze :  |b Vyšehrad,  |c 2025 
300 |a 259 stran ;  |c 21 cm 
336 |a text  |b txt  |2 rdacontent 
337 |a bez média  |b n  |2 rdamedia 
338 |a svazek  |b nc  |2 rdacarrier 
490 1 |a Hlas ;  |v svazek 1 
500 |a Přeloženo z norštiny 
520 2 |a Román vypráví příběh o mladé ženě a jejím rozhodnutí nemít děti.  |b Odjakživa věděla, že děti nechce. Osm let už chodí s Philipem a vždycky byli zajedno, že je mít nebudou - aspoň doteď. Philip si totiž začíná uvědomovat, že by se možná otcem stát chtěl. Do toho jejich nejlepší kamarádi čekají první dítě a matka by si přála vnoučata. Najednou jsou všude novopečení rodiče, porody nebo kamarádi, kteří mají pocit, že jim utíká čas, zatímco ona sama si stojí za svým rozhodnutím děti nemít. Nebude toho ale jednou litovat? Nakladatelská anotace. Kráceno. 
655 7 |a norské romány  |7 fd132917  |2 czenas 
655 7 |a společenské romány  |7 fd760851  |2 czenas 
655 9 |a Norwegian fiction  |2 eczenas 
655 9 |a social novels  |2 eczenas 
700 1 |a Jindřišková, Jitka,  |d 1985-  |7 xx0124831  |4 trl 
830 0 |a Hlas (Vyšehrad) 
900 |a ABA001  |b 20 
928 9 |a Albatros Media - Vyšehrad 
044 |a xr 
910 |a RBIT002 
998 |d 419947  |a https://core.palmknihy.cz/api/books/419947/cover?sut8sf  |b https://core.palmknihy.cz/api/books/419947/cover/400?sut8sf  |c https://core.palmknihy.cz/api/books/419947/cover/50?sut8sf  |e 2031-05-14  |g 264  |i 9788026731443  |j https://core.palmknihy.cz/api/books/419947/preview.epub  |k https://core.palmknihy.cz/api/books/419947/preview.pdf  |l   |q 49  |r 1  |s https://www.palmknihy.cz/kniha/419947  |t ebook  |y 2025  |z 0 
999 |d 312697